Bebés : (Record no. 200982)
[ view plain ]
| 000 -CABECERA | |
|---|---|
| campo de control de longitud fija | 00624nam a2200205 u 4500 |
| 005 - FECHA Y HORA DE LA ÚLTIMA TRANSACCIÓN | |
| campo de control | 20240224063800.0 |
| 008 - ELEMENTOS DE LONGITUD FIJA--INFORMACIÓN GENERAL | |
| campo de control de longitud fija | 190207s2011 ea r 000 0 spa d |
| 020 ## - NÚMERO INTERNACIONAL NORMALIZADO PARA LIBROS | |
| Número Internacional Estándar del Libro | 1450811825 (10 dígitos) |
| 020 ## - NÚMERO INTERNACIONAL NORMALIZADO PARA LIBROS | |
| Número Internacional Estándar del Libro | 9781450811828 (13 dígitos) |
| 035 ## - NÚMERO DE CONTROL DEL SISTEMA | |
| Número de control de sistema | UPN01000228887 |
| 049 ## - COLECCIÓN | |
| Colección | I |
| 050 #4 - SIGNATURA TOPOGRÁFICA DE LA BIBLIOTECA DEL CONGRESO | |
| Número de clasificación | QA141.3 |
| Número de documento/Ítem | B4.3 |
| 245 00 - MENCIÓN DE TÍTULO | |
| Título | Bebés : |
| Resto del título | números. |
| 260 ## - PUBLICACIÓN, DISTRIBUCIÓN, ETC. | |
| Lugar de publicación, distribución, etc. | Lincolnwood, E.U.A. : |
| Nombre del editor, distribuidor, etc. | Publications International, |
| Fecha de publicación, distribución, etc. | c2011. |
| 300 ## - DESCRIPCIÓN FÍSICA | |
| Extensión | [16] p. : |
| -- | principalmente il. |
| 650 #4 - ASIENTO SECUNDARIO DE MATERIA - TERMINO TEMATICO | |
| Término de materia o nombre geográfico como elemento de entrada | Numeración |
| Subdivisión de forma | Literatura infantil |
| 9 (RLIN) | 24354 |
| 650 #7 - ASIENTO SECUNDARIO DE MATERIA - TERMINO TEMATICO | |
| Término de materia o nombre geográfico como elemento de entrada | Libros ilustrados para niños |
| Fuente del encabezamiento o término | |
| 9 (RLIN) | 21365 |
| 905 ## - TIPO DE MATERIAL | |
| Tipo de material | Infantil |
| Estado de retiro | Estado de pérdida | Fuente del sistema de clasificación o colocación | Estado dañado | No para préstamo | Código de colección | Localización permanente | Ubicación/localización actual | Ubicación en estantería | Fecha de adquisición | Total de préstamos | Clasificación | Código de barras | Fecha visto por última vez | Fecha del último préstamo | Número de copia | Tipo de ítem Koha |
|---|---|---|---|---|---|---|---|---|---|---|---|---|---|---|---|---|
| Library of Congress Classification | Infantil | Bib. Gregorio Torres Quintero | Bib. Gregorio Torres Quintero | Sala infantil Planta baja | 10/05/2023 | 2 | QA141.3 B4.3 | 326429 | 12/11/2024 | 05/11/2024 | 1 | Libro |
